| 000 | 00574nam a2200193 i 4500 | ||
|---|---|---|---|
| 001 | 43739 | ||
| 003 | ES-MaACL | ||
| 005 | 20230906160852.0 | ||
| 007 | t| | ||
| 008 | 030318s1922 fr ||||1| fre d | ||
| 100 | 1 |
_aCaullery, Maurice. _937112 |
|
| 245 | 1 | 3 |
_aLe parasitisme et la symbiose / _cpar Maurice Caullery. |
| 260 |
_aParis : _bGaston Doin, _c1922 ( _fImp. Jouve et Cie) |
||
| 300 |
_a2 h., 400 p. : _bil. ; _c19 cm. |
||
| 490 | 1 | _aEncyclopédie scientifique | |
| 830 | 0 |
_aEncyclopédie scientifique _9180883 |
|
| 852 |
_aES-MaACL _jD-4420 |
||
| 999 |
_c43739 _d43739 |
||